000 00320nam a22001217a 4500
008 211129b ||||| |||| 00| 0 eng d
020 _a9780190120818
050 _a423
_b1
245 _aOxford Illustrated Children's Dictionary Thesaurus
260 _aUK
_bOxford University Press
_c2010
300 _a1
942 _2ddc
_cBK
999 _c11935
_d11935